000
00325nam a22001337a 4500
008
170323b xxu||||| |||| 00| 0 eng d
020
_a
9780781755832
041
_a
eng
080
_a
616.9
100
_a
8
101
_a
SHM
245
_a
ATLAS OF INFECTIOUS DISEASES OF THE FEMALE GENITAL TRACT
_c
SWEET, R.L
942
_2
udc
_c
BK
999
_c
8524
_d
8524